<?xml version="1.0" encoding="UTF-8"?>
<record
    xmlns:xsi="http://www.w3.org/2001/XMLSchema-instance"
    xsi:schemaLocation="http://www.loc.gov/MARC21/slim http://www.loc.gov/standards/marcxml/schema/MARC21slim.xsd"
    xmlns="http://www.loc.gov/MARC21/slim">

  <leader>00473nam a22001817a 4500</leader>
  <controlfield tag="003">OSt</controlfield>
  <controlfield tag="005">20240712152233.0</controlfield>
  <controlfield tag="008">240712b        |||||||| |||| 00| 0 eng d</controlfield>
  <datafield tag="020" ind1=" " ind2=" ">
    <subfield code="a">9781292027614</subfield>
  </datafield>
  <datafield tag="040" ind1=" " ind2=" ">
    <subfield code="c">Chuka university library</subfield>
  </datafield>
  <datafield tag="050" ind1=" " ind2=" ">
    <subfield code="a">TP 248.2</subfield>
    <subfield code="b">.T55 2013</subfield>
  </datafield>
  <datafield tag="100" ind1=" " ind2=" ">
    <subfield code="a">Thieman J William</subfield>
    <subfield code="9">16887</subfield>
  </datafield>
  <datafield tag="245" ind1=" " ind2=" ">
    <subfield code="a">Introduction to biotechnology</subfield>
  </datafield>
  <datafield tag="250" ind1=" " ind2=" ">
    <subfield code="a">3rd ed</subfield>
  </datafield>
  <datafield tag="260" ind1=" " ind2=" ">
    <subfield code="a">Harlow</subfield>
    <subfield code="b">Pearson EducationLimited</subfield>
    <subfield code="c">2013</subfield>
  </datafield>
  <datafield tag="300" ind1=" " ind2=" ">
    <subfield code="a">394p</subfield>
  </datafield>
  <datafield tag="942" ind1=" " ind2=" ">
    <subfield code="2">lcc</subfield>
    <subfield code="c">BK</subfield>
    <subfield code="n">0</subfield>
  </datafield>
  <datafield tag="952" ind1=" " ind2=" ">
    <subfield code="0">0</subfield>
    <subfield code="1">0</subfield>
    <subfield code="2">lcc</subfield>
    <subfield code="4">0</subfield>
    <subfield code="7">0</subfield>
    <subfield code="8">LGL</subfield>
    <subfield code="a">CHK</subfield>
    <subfield code="b">CHK</subfield>
    <subfield code="c">GEN</subfield>
    <subfield code="d">2024-07-12</subfield>
    <subfield code="l">0</subfield>
    <subfield code="o">TP 248.2 .T55 2013</subfield>
    <subfield code="p">11761/2015</subfield>
    <subfield code="r">2024-07-12 00:00:00</subfield>
    <subfield code="t">4</subfield>
    <subfield code="w">2024-07-12</subfield>
    <subfield code="y">BK</subfield>
  </datafield>
  <datafield tag="999" ind1=" " ind2=" ">
    <subfield code="c">17905</subfield>
    <subfield code="d">17905</subfield>
  </datafield>
</record>
